The chemistry of open-chain organic nitrogen compounds (Record no. 37223)

MARC details
000 -LEADER
fixed length control field 00680nam a2200169 a 4500
008 - FIXED-LENGTH DATA ELEMENTS--GENERAL INFORMATION
fixed length control field 120416s1966 ||||||||||||||||| || u
020 ## - INTERNATIONAL STANDARD BOOK NUMBER
International Standard Book Number 0582003474
050 ## - LIBRARY OF CONGRESS CALL NUMBER
Classification number QD 281.N5 Smi
100 ## - MAIN ENTRY--PERSONAL NAME
Personal name Smith, Peter Alan Somervail
245 14 - TITLE STATEMENT
Title The chemistry of open-chain organic nitrogen compounds
246 ## - VARYING FORM OF TITLE
Title proper/short title derivatives of oxidized nitrogen
260 ## - PUBLICATION, DISTRIBUTION, ETC.
Place of publication, distribution, etc. New York
Name of publisher, distributor, etc. W. A. Benjamin
Date of publication, distribution, etc. 1966
350 ## - PRICE (NR) (BK AM CF MU VM SE) [OBSOLETE]
Price 0.00
650 #0 - SUBJECT ADDED ENTRY--TOPICAL TERM
Topical term or geographic name entry element ORGANIC NITROGEN COMPOUNDS-- CHEMISTRY
650 #0 - SUBJECT ADDED ENTRY--TOPICAL TERM
Topical term or geographic name entry element CHEMISTRY--HANDBOOKS, MANUALS, ETC
995 ## - RECOMMENDATION 995 [LOCAL, UNIMARC FRANCE]
-- 0.00
-- CBU-MAIN LIBRARY (Kitwe)
-- 1
-- 5.45
-- 1
-- AVAILABLE
-- Mar 13, 2007
-- Annex Low-Usage Collection
Holdings
Withdrawn status Lost status Source of classification or shelving scheme Damaged status Not for loan Home library Current library Shelving location Date acquired Total Checkouts Full call number Barcode Date last seen Price effective from Koha item type
          CBU-MAIN LIBRARY, KITWE. CBU-MAIN LIBRARY, KITWE.   11/30/2022   QD 281.N5 Smi 012938 11/30/2022 11/30/2022 MONOGRAPH